|
|
|
|
| LEADER |
00798nab a2200205 i 4500 |
| 001 |
acta36331 |
| 005 |
20220715151928.0 |
| 008 |
161017s2015 hu o 0|| spa d |
| 022 |
|
|
|a 1416-7263
|
| 040 |
|
|
|a SZTE Egyetemi Kiadványok Repozitórium
|b hun
|
| 041 |
|
|
|a spa
|
| 100 |
1 |
|
|a Katona Eszter
|
| 245 |
1 |
0 |
|a Antología sobre el Teatro breve actual
|h [elektronikus dokumentum] /
|c Katona Eszter
|
| 260 |
|
|
|a Universidad de Szeged, Departamento de Estudios Hispánicos
|b Szeged
|c 2015
|
| 300 |
|
|
|a 131-135
|
| 490 |
0 |
|
|a Acta hispanica
|v 20
|
| 650 |
|
4 |
|a Bölcsészettudományok
|
| 650 |
|
4 |
|a Művészetek (művészetek, művészettörténet, előadóművészetek, zene)
|
| 695 |
|
|
|a Színháztörténet - spanyol
|
| 856 |
4 |
0 |
|u http://acta.bibl.u-szeged.hu/36331/1/hispanica_020_131-135.pdf
|z Dokumentum-elérés
|